موسوعة الأديان : (رقم التسجيلة. 5336)

تفاصيل مارك
000 -الفاتح
عناصر البيانات ثابتة الطول 00643cam a2200181 i 4500
005 - تاريخ ووقت آخر معاملة
حقل ضبط 20251113092827.0
008 - عناصر البيانات ثابتة الطول
عناصر البيانات ثابتة الطول 250721s2001 jo gr 000 0 ara d
082 14 - رقم تصنيف ديوي العشري
رقم التصنيف 200.3
رقم المادة ب ص ر
100 1# - مدخل رئيسي – اسم شخصي
الاسم الشخصي البصري، مهدي حسين
علاقة الشخص بالعمل/ دوره معد.
245 10 - بيان العنوان
العنوان موسوعة الأديان :
بقية العنوان التوحيد، الخلق، القيم /
بيان المسؤولية إعداد د. مهدي حسين البصري.
264 31 - بيانات النشر، التوزيع…إلخ
مكان النشر، التوزيع...إلخ عمان :
اسم الناشر، الموزع...إلخ دارأسامة للنشر والتوزيع،
تاريخ النشر، التوزيع...إلخ 2001.
300 ## - الوصف المادي
عدد الوحدات المكونة للوعاء 232 صحة.
650 17 - مدخل إضافي بالموضوع - مصطلح موضوعي
مصطلح موضوعي أو اسم جغرافي كعنصر مدخل الديانات.
650 17 - مدخل إضافي بالموضوع - مصطلح موضوعي
مصطلح موضوعي أو اسم جغرافي كعنصر مدخل الإسلام.
650 17 - مدخل إضافي بالموضوع - مصطلح موضوعي
مصطلح موضوعي أو اسم جغرافي كعنصر مدخل المسيحية.
942 ## - بيانات إضافية (كوها)
نوع التنصيف Dewey Decimal Classification
نوع المادة (كوها) كتب
المقتنيات
حالة السحب حالة الفقدان مصدر التصنيف حالة التلف غير قابل للإعارة المكتبة الرئيسية المكتبة الحالية موقع الرف تاريخ التزويد الرقم المتسلسل Total Checkouts رقم الإستدعاء الباركود تاريخ آخر ظهور تاريخ الفاتورة نوع المادة (كوها)
    Dewey Decimal Classification     المكتبة المركزية المكتبة المركزية الإعارة 06/07/2004 507306   200.3 / ب ص ر 507306 28/07/2025 06/07/2004 كتب
    Dewey Decimal Classification     المكتبة المركزية المكتبة المركزية الإعارة 06/07/2004 507309   200.3/بصر 507309 28/07/2025 06/07/2004 كتب
    Dewey Decimal Classification     المكتبة المركزية المكتبة المركزية الإعارة 20/07/2016 1626334   200.3 / ب ص ر PLD00391941 28/07/2025 20/07/2016 كتب
    Dewey Decimal Classification     مكتبة الأميرة ايمان العامة مكتبة الأميرة ايمان العامة الإعارة 14/11/2013 507311   200.3/بصر PLD00286236 28/07/2025 14/11/2013 كتب
    Dewey Decimal Classification     مكتبة الاميرة بديعة مكتبة الاميرة بديعة الأطفال 11/07/2015 507314.   200.3/بصر PLD00337319 28/07/2025 11/07/2015 كتب
    Dewey Decimal Classification     مكتبة الجويدة مكتبة الجويدة الإعارة 12/05/2015 507315   200.3/بصر PLD00323992 28/07/2025 12/05/2015 كتب
    Dewey Decimal Classification     مكتبة الراية الهاشمية للأطفال مكتبة الراية الهاشمية للأطفال الأطفال 16/09/2015 1466715   200.3/بصر PLD00347675 28/07/2025 16/09/2015 كتب
Implemented & Customized by: BBB with SCIT (Smart Chains for Information Technology)

Powered by Koha